| 000 | 00533nas a2200157Ia 4500 | ||
|---|---|---|---|
| 022 | _a0031-949X | ||
| 040 | _cOAG | ||
| 082 | _a632 AME 1991 A106 Or. | ||
| 245 | 0 | 0 | _aPhytopathology |
| 260 |
_a[St. Paul, Minn., etc. : _bAmerican Phytopathological Society] |
||
| 500 | _aDescription based on: Vol. 87, no. 1 (Jan. 1997); title from general information screen (viewed April 22, 2004) | ||
| 650 | 0 | _aPlant diseases | |
| 710 | 2 | _aAmerican Phytopathological Society | |
| 856 | 4 | 0 | _uhttp://apsjournals.apsnet.org/loi/phyto |
| 942 | _cEK | ||
| 999 |
_c16568 _d16568 |
||